000 00391nam a2200157Ia 4500
003 LK-CoDNM
008 010623t2012 xxu||||| |||| 00| 1 eng d
040 _aLK-CoDNM
_dLK-CoDNM
_eLK-CoDNM
041 _aeng
080 _a796.358
_bBAN
100 _aBandara,Sampath
245 _aThe story of Twenty 20 Cricket
260 _bSarasavi
_aNugegoda
_c2012
300 _b106, 23 cm
942 _cBK
999 _c132074
_d132074